| 000 | 00672nam a22001577a 4500 | ||
|---|---|---|---|
| 003 | OSt | ||
| 005 | 20150921141205.0 | ||
| 008 | 150921b xxu||||| |||| 00| 0 eng d | ||
| 040 | _cRUA | ||
| 082 | _aAGR MEN 2008 B032 Or.1 | ||
| 100 |
_91012 _aMEN VANNRY |
||
| 245 | _aEFFECTIVENESS OF ORGANIC AND CHEMICAL FERTILIZER ON LETTUCE AT ROYAL UNIVERSITY PF AGRICULTURE,(ប្រសិទ្ធភាពជីសរីរាង្គ និងជីគីមីលើដំណាំសាលាដ នៅសាកលវិទ្យាល័យភូមិន្ទកសិកម្ម) | ||
| 260 |
_aphnom penh _brua _c2008 |
||
| 300 |
_axi,43p. _cill. _g29cm. |
||
| 942 |
_2ddc _cAGR |
||
| 999 |
_c971 _d971 |
||